Statistics for Harry Potter 7 Part 2 Quotes

Click here to take the quiz!

General Stats

  • This quiz has been taken 92 times
  • The average score is 16 of 25

Answer Stats

QuoteCharacter% Correct
Students out of bed! Students in the corridor!Argus Filch
93%
You okay, Freddie?George Weasley
88%
I've always wanted to use that spell!Minerva McGonagall
88%
You're thinking there's a horcrux in Bellatrix's vault?Hermione Granger
87%
If we die for them, Harry, I'm going to KILL YOU!Ronald Weasley
86%
You've been raising him like a pig for slaughter!Severus Snape
84%
Well, there's Rowena Ravenclaw's lost diademLuna Lovegood
83%
We plan, we get there, all hell breaks loose!Harry Potter
81%
Ye-he-he. And now is the time to declare yourself. Come forward and join us... or die.Lord Voldemort
81%
Harry, no, what'r you doin' here!Rubeus Hagrid
78%
You're nearly there, son.James Potter
77%
Dad? Who's Hagrid carrying? Dad? Who is it?Ginny Weasley
72%
It is the quality of ones convictions that determines success, not the number of followers.Remus Lupin
71%
That I shall never reveal the best of you, Severus?Albus Dumbledore
68%
We never left.Lily Potter
65%
You and whose army?Neville Longbottom
64%
No! No, come back! Lucius! Come back! Come back and fight!Bellatrix Lestrange
57%
Until the end.Sirius Black
57%
Good morning? You're Bellatrix Lestrange, not some dewey-eyed schoolgirl!Griphook
52%
If you have to ask, you'll never know. If you know, you need only ask.Helena Ravenclaw
52%
You do realize we can't keep out You-Know-Who indefinitely.Flitwick
51%
That's nothing to go on.Seamus Finnigan
48%
C'mon Draco, don't be a prat,Gregory Goyle
42%
That's a boy's answer.Aberforth Dumbledore
20%
Ready.Albus Severus Potter
3%

Score Distribution

Percentile by Number Answered

Percent of People with Each Score

Your Score History

You have not taken this quiz